000 00403nam a22001697a 4500
003 MPLRDC
005 20220104114038.0
008 210129b ||||| |||| 00| 0 eng d
082 _a782.881 XBH
100 _a廖静文
245 _a徐悲鸿一生
_c
250 _a一版四刷
260 _a
_b中国青年出版社
_c1984
300 _b
650 _a徐悲鸿传记
942 _cBK
_o782.881 XBH
999 _c4384
_d4374